000 02832nam2a2200361 4500
001 RU\NLR\BIBL_A\012601528
005 20211117141539.0
010 _a978-5-907145-25-2
_9100
021 _aRU
_bКН-П-21-033527
_9КН-П-21-2619
035 _a(NLR Aleph) 012601528
090 _a12583340
_c12583340
100 _a20210924d2020 k y0rusy50 ca
101 0 _arus
_deng
102 _aRU
105 _aa b 000zy
200 1 _aЯровая мягкая пшеница
_dSpring bread wheat
_eрезультаты многолетнего полевого изучения образцов яровой мягкой пшеницы в условиях Ленинградской области
_fМинистерство науки и высшего образования Российской Федерации, Федеральный исследовательский центр Всероссийский институт генетических ресурсов растений имени Н. И. Вавилова (ВИР)
_gЕ. В. Зуев, А. Н. Брыкова, Е. Ю. Кудрявцева
_gпод научной редакцией канд. с.-х. наук Е. В. Зуева
_zeng
210 _d2020
215 _a71, [1] с.
_cтабл.
300 _aАвт. также на англ. яз.: E. V. Zuev, A. N. Brykova, E. Yu. Kudryavtseva
300 _aРез. англ.
320 _aБиблиогр.: с. 70
461 0 _1001rc\4746805
_12001#$aКаталог-справочник мировой коллекции ВИР$eВып. 1-$fВсесоюз. ордена Ленина акад. с.-х. наук им. В.И. Ленина. Всесоюз. науч.-исслед. ин-т растениеводства$vВып. 917
_99347765
_aВсероссийский институт генетических ресурсов растений им. Н. И. Вавилова (Санкт-Петербург)
_cЛенинград
_d1961-
_fВсесоюз. ордена Ленина акад. с.-х. наук им. В.И. Ленина. Всесоюз. науч.-исслед. ин-т растениеводства
_nБ. и.
_oВып. 1-
_tКаталог-справочник мировой коллекции ВИР
_vВып. 917
510 1 _aSpring bread wheat
_zeng
606 1 _aМягкая пшеница яровая
_jКаталоги
_xКультура
_yЛенинградская область
_92493954
_3RU\NLR\AUTH\6601695543
686 1 _aП212.13-4(2Р31-4Ле)я26
701 1 _aЗуев
_bЕ. В.
_gЕвгений Валерьевич
701 1 _aБрыкова
_bА. Н.
_gАлла Николаевна
701 1 _aКудрявцева
_bЕ. Ю.
_gЕвгения Юрьевна
942 _cBOOK
980 _aNBR
980 _aNB